Personnages Disney-Pixar de A à Z en images - Statistiques

Statistiques générales
  • Ce quiz a été pris 5 950 fois
  • Le résultat moyen est 16 sur 26
Statistiques - réponses
Par images Hint Réponse % Correct
O Olaf
98%
C Colère
97%
P Peter Pan
97%
U Ursula
94%
V Volt
92%
W Woody
90%
A Atchoum
86%
Q Quasimodo
82%
F Flam
80%
L Luca
79%
G Gaston
78%
B Bruno Madrigal
70%
Z Zazu
69%
J Javotte
66%
D Duchesse
65%
H Hector
63%
M Mushu
60%
E Edgar
48%
R Russel
39%
Y Yzma
34%
T Tamatoa
28%
X Xavier
19%
I Ian Lightfoot
14%
K Kocoum
10%
N Namaari
7%
S Splat
3%
Aucun quiz correspondant
Distribution des résultats
% des personnes avec chaque résultat
Percentile par nombre de réponses
Votre historique - résultats
Vous n’avez pas pris ce quiz